| 000 | 00382nam a22001697a 4500 | ||
|---|---|---|---|
| 005 | 20160615163800.0 | ||
| 008 | 160615b xxu||||| |||| 00| 0 eng d | ||
| 020 | _a81-7362-342-2 | ||
| 041 | _aeng | ||
| 082 | _b7866 | ||
| 100 |
_aWalth _92032 |
||
| 245 | _aPeople are Never the Problem | ||
| 260 |
_bHead Gues _c2003 |
||
| 300 | _a177 | ||
| 650 |
_aManagement _9241 |
||
| 942 | _cBK | ||
| 999 |
_c2837 _d2836 |
||